000 01395pam a2200397 i 4500
999 _c66317
_d66317
001 768714001
003 CO-MdFUSB
005 20200626184131.0
007 ta
008 840816t19811981tnua b 001 0 eng
010 _a80021304
020 _a0687338263 (pbk.)
040 _aDLC
_cCO-MdFUSB
_dm.c.
_dCO-MdFUSB
_dCAP
_dUtOrBLW
_bspa
_erda
041 _aeng
082 _223
_a251
_bC486
090 _aBV4211.2
100 1 _aChartier, Myron Raymond.
_eautor
245 1 0 _aPreaching as communication :
_ban interpersonal perspective
_c/ Myron R. Chartier.
264 1 _aNashville :
_bAbingdon,
_c[1981]
264 4 _c©1981.
300 _a127 páginas :
_bilustraciones ;
_c20 cm.
336 _atexto
_btxt
_2rdacontent.
337 _asin mediación
_bn
_2rdamedia.
338 _avolumen
_bnc
_2rdacarrier.
490 1 _aAbingdon preacher's library.
500 _aIncludes index.
504 _aBibliografía: ( páginas 119-121)
505 _aLa predicación como comunicación: una visión general - Auto-divulgación en la predicación - Escucha y predicación - Claridad en la predicación - Comunicación no verbal en la predicación - Autoestima: el predicador y el congregado.
563 _aRústico
650 0 _aPredicación
_954
830 0 _aAbingdon preacher's library.
942 _cBK
945 _aJTF-925